Paroles : Alkpote - Plus Haut (feat VALD) - Statistiques

Statistiques générales
  • Ce quiz a été pris 216 fois
  • Le résultat moyen est 561 sur 1161
Statistiques - réponses
Réponse % Correct
peut
98%
Pute
94%
pute
94%
plus
92%
Plus
92%
haut
91%
Salope
88%
salope
88%
a
87%
à
87%
de
82%
le
81%
Le
81%
me
79%
m'a
78%
ma
78%
Ma
78%
Je
76%
je
76%
Alk'
75%
la
74%
La
74%
V.A
74%
va
74%
V.A.
74%
Les
73%
les
73%
ce
70%
pas
67%
un
67%
ces
66%
du
66%
A.L.K.P.O.T.E
65%
se
65%
V.A.L.D
65%
son
63%
te
63%
sur
62%
Sur
62%
que
61%
ça
60%
Ça
60%
en
60%
et
60%
Qui
60%
qui
60%
tu
60%
Tu
60%
suce
59%
méga
58%
dans
57%
Dans
57%
faire
57%
l'Empereur
57%
L'Empereur
57%
sont
57%
marches
56%
Marches
56%
ta
56%
Ta
56%
est
54%
au
53%
C'est
53%
c'est
53%
c’est
53%
comme
53%
Comme
53%
des
53%
dès
53%
Il
53%
mais
53%
reste
53%
mon
52%
putes
52%
Toujours
52%
bon
51%
fluo
50%
sondage
50%
Lézard
49%
mes
49%
plombage
49%
quand
49%
veux
48%
On
47%
on
47%
pour
47%
Pour
47%
rap
47%
une
47%
voilà
47%
putain
46%
quelques
46%
V.I.H.
46%
Faudrait
45%
grammes
44%
même
44%
Même
44%
tes
44%
t'es
44%
tout
44%
Tout
44%
con
43%
d'enfants
43%
J'suis
43%
j'suis
43%
J’suis
43%
shit
43%
suis
43%
ton
43%
zone
43%
chopper
42%
flics
42%
juste
42%
sous
42%
vu
42%
méga-putes
41%
nous
41%
ou
41%
passent
41%
Restes
41%
bondage
40%
chalumeaux
40%
duo
40%
séchés
40%
j'éjacule
39%
J'éjacule
39%
ne
39%
j'te
38%
avant
37%
Avant
37%
j'ai
37%
J'ai
37%
j’ai
37%
J’ai
37%
si
37%
couilles
36%
Effrittage
36%
fais
36%
jelly
36%
suceur
36%
moi
35%
Vademecum
35%
vie
35%
aux
34%
pédé
34%
pèlerinage
34%
y'a
34%
Y'a
34%
bucco-génital
33%
d'épandage
33%
Ils
33%
ils
33%
plutôt
33%
tous
33%
avec
32%
Avec
32%
C.I.A
32%
Petit
32%
sperme
32%
chèque
31%
encore
31%
chatte
30%
d'la
30%
génial
30%
Gros
30%
gros
30%
J'me
30%
j'vais
30%
j'veux
30%
leur
30%
qu'un
30%
rapport
30%
toutes
30%
coussin
29%
défrisage
29%
dire
29%
donc
29%
fort
29%
hash'
29%
jamais
29%
mec
29%
merde
29%
merdé
29%
p'tit
29%
savoir
29%
super
29%
tête
29%
viens
29%
Viens
29%
arme
28%
Bitch
28%
bitch
28%
d’atterrissage
28%
faut
28%
Faut
28%
Pu-pu-pu-pute
28%
shake
28%
Terre
28%
trop
28%
Black
27%
booty
27%
extrême
27%
j't'ai
27%
J't'ai
27%
Kodak
27%
plexiglas
27%
qu'j'suis
27%
sale
27%
sol
27%
touche
27%
vais
27%
as
26%
came
26%
crasserie
26%
évadé
26%
Fils
26%
fils
26%
foutu
26%
maintenant
26%
pète
26%
pourquoi
26%
venin
26%
vêtements
26%
violent
26%
y'aura
26%
cette
25%
d'mourir
25%
fut
25%
pak-pak
25%
putains
25%
sens
25%
aimé
24%
coule
24%
gens
24%
j'vous
24%
mettre
24%
part
24%
prend
24%
sang
24%
vider
24%
vrai
24%
Demande
23%
dévisagent
23%
enlève
23%
FDJ
23%
fond
23%
giffles
23%
gorge
23%
l'aigle
23%
L'aigle
23%
Lunettes
23%
peur
23%
sais
23%
vendu
23%
allô
22%
Aucun
22%
coup
22%
coussinets
22%
d'eau
22%
d'l'école
22%
doc
22%
esprit
22%
gruyère
22%
joyeux
22%
l'paysage
22%
moustiquaire
22%
personne
22%
potes
22%
prêt
22%
sent
22%
soleil
22%
suces
22%
'teille
22%
terrorise
22%
ventriloque
22%
vois
22%
vulgaire
22%
avenir
21%
branquignoles
21%
cage
21%
Carthage
21%
chiennes
21%
décryptage
21%
frappe
21%
frappeur
21%
j't'enchaîne
21%
oiseau
21%
poudrière
21%
raison
21%
rien
21%
soirée
21%
suceurs
21%
tsunami
21%
alors
20%
Analyse
20%
année
20%
antipodes
20%
bites
20%
Bonaparte
20%
brutes
20%
chercher
20%
j'arrive
20%
l'déminage
20%
lurons
20%
méthodes
20%
trophée
20%
vivre
20%
voir
20%
baise
19%
connards
19%
cool
19%
cuillère
19%
d'air
19%
Diable
19%
d'or
19%
d'putes
19%
équipage
19%
gentils
19%
grand
19%
héritage
19%
intensif
19%
J'crois
19%
jupons
19%
LDJ
19%
m'convertir
19%
m'portent
19%
perruche
19%
qu'une
19%
rages
19%
sales
19%
soyeux
19%
sucez
19%
toi
19%
tourne
19%
Uber
19%
Vert
19%
voix
19%
vos
19%
vraiment
19%
Badoit
18%
bout
18%
bulles
18%
Che-ri
18%
cocaïne
18%
hasard
18%
Haute-Savoie
18%
J'fais
18%
j'fais
18%
joue
18%
j't'électrise
18%
libère
18%
lieutenant
18%
opaques
18%
qu'avait
18%
sans
18%
série
18%
smashe
18%
Uzi
18%
9.1
17%
Airbnb
17%
confonds
17%
d'tes
17%
foutue
17%
insensible
17%
j'emploie
17%
laisse
17%
légué
17%
mouille
17%
Nuage
17%
t'as
17%
trap
17%
wrap
17%
bâtard
16%
beaucoup
16%
Calimero
16%
carrière
16%
comprends
16%
d'antidote
16%
Dexter
16%
du-per
16%
entourés
16%
fumée
16%
futé
16%
gambadent
16%
genre
16%
grotte
16%
héro'
16%
jactent
16%
J'bute
16%
j'dégomme
16%
journalistes
16%
J'reviens
16%
l'com'
16%
Louis
16%
macaque
16%
Napoléon
16%
nuit
16%
père
16%
Pluton
16%
splash
16%
suçon
16%
t’ausculte
16%
thugs
16%
tranquille
16%
voie
16%
Vuitton
16%
abois
15%
bleutée
15%
Bourimech
15%
clique
15%
deux
15%
entre
15%
l'transistor
15%
m’arrêter
15%
particulier
15%
Préviens
15%
renards
15%
sucepute
15%
tape
15%
trouves
15%
bae
14%
d'toi
14%
es-tu
14%
j'appelle
14%
j'fly
14%
l'mektoub
14%
n'attends
14%
out
14%
plane
14%
qu'j'vais
14%
Révélation
14%
sac
14%
beuh
13%
d'bras
13%
d'gros
13%
j'continue
13%
j'emmerde
13%
lâche
13%
l'épaule
13%
l'incendie
13%
l'rap
13%
parois
13%
prédit
13%
provoque
13%
regard
13%
resuces
13%
sold
13%
surfe
13%
tiens
13%
ah
12%
bouge
12%
buisson
12%
calibré
12%
câline
12%
centime
12%
chasteté
12%
d'affiche
12%
d'harmonica
12%
d'jours
12%
feats
12%
instant
12%
Interdit
12%
j’avais
12%
j'mélange
12%
J'ramène
12%
l'amour
12%
libre
12%
lions
12%
médocs
12%
Michael
12%
passage
12%
publique
12%
radar
12%
roulé
12%
s'embrase
12%
slip
12%
surveille
12%
tel
12%
ténébreuse
12%
t'plains
12%
voulions
12%
cônes
11%
flaque
11%
infanterie
11%
j'touche
11%
l'acteur
11%
l'anonymat
11%
l'défibrillateur
11%
mijoter
11%
narguent
11%
ouais
11%
passer
11%
refuse
11%
tueur
11%
vole
11%
yeux
11%
Akuma
10%
l’heure
10%
mords-moi
10%
qu'Daech
10%
tombée
10%
tourbillon
10%
Vas-y
10%
vidéo
10%
vils
10%
vite
10%
barge
9%
beuglé
9%
ceintures
9%
court-bouillon
9%
dessinateur
9%
droite
9%
états
9%
fini
9%
fly
9%
glace
9%
J'les
9%
j'les
9%
j’peux
9%
j'regarde
9%
laiderons
9%
mignon
9%
m'regardent
9%
Myers
9%
ordinateur
9%
pics
9%
pris
9%
tuba
9%
voulais
9%
7000
8%
au-dessus
8%
croire
8%
d’écailles
8%
éducateur
8%
file
8%
gows
8%
masqué
8%
mets
8%
mi-journée
8%
perdu
8%
queues
8%
récré
8%
remets
8%
rimes
8%
spliff
8%
tester
8%
ble-ta
7%
Ecstasy
7%
frérot
7%
manœuvrée
7%
shape
7%
trois
7%
vacances
7%
dépasse
6%
fessée
6%
l’épilateur
6%
qu'existent
6%
rappeurs
6%
schlag
6%
dix-huit
5%
froides
5%
garces
5%
Hideux
5%
Hildegarde
5%
j'boze
5%
jeu
5%
j’leur
5%
j'retourne
5%
labeur
5%
large
5%
l’épurateur
5%
six
5%
sueurs
5%
tain-pu
5%
vapeurs
5%
vitreux
5%
zeb
5%
feignasses
4%
m'envoient
4%
pâleurs
4%
style
4%
tire
4%
tte-fri
4%
des-mer
3%
fixe
3%
J'allume
3%
j’cache
3%
j'évite
3%
Mordor
3%
n’ont
3%
qu’AVC
3%
shtar
3%
sniffes
3%
traces
3%
survole
2%
taffes
2%
mieux
1%
qu't'arrêtes
1%
Aucun quiz correspondant
Distribution des résultats
% des personnes avec chaque résultat
Percentile par nombre de réponses
Votre historique - résultats
Vous n’avez pas pris ce quiz